Taman Botanikal Melaka : (Record no. 2439)

000 -LEADER
fixed length control field nam a22 a 4500
003 - CONTROL NUMBER IDENTIFIER
control field AKMAL
005 - DATE AND TIME OF LATEST TRANSACTION
control field 20170516123828.0
008 - FIXED-LENGTH DATA ELEMENTS--GENERAL INFORMATION
fixed length control field 170516s2007 my ao e 000 0 may d
020 ## - INTERNATIONAL STANDARD BOOK NUMBER
International Standard Book Number 9789834370008 (kkt.) :
Terms of availability RM25.00
039 #9 - LEVEL OF BIBLIOGRAPHIC CONTROL AND CODING DETAIL [OBSOLETE]
Level of rules in bibliographic description 201104251622
Level of effort used to assign nonsubject heading access points zuraidahs
Level of effort used to assign subject headings 200909011232
Level of effort used to assign classification jalil
Level of effort used to assign subject headings 200908140925
Level of effort used to assign classification arni
Level of effort used to assign subject headings 200902051550
Level of effort used to assign classification suzilawati
040 ## - CATALOGING SOURCE
Original cataloging agency AKMAL
Transcribing agency AKMAL
049 ## - LOCAL HOLDINGS (OCLC)
Holding library klpmal
082 04 - DEWEY DECIMAL CLASSIFICATION NUMBER
Classification number 580.09595 HAN
Edition number 22
090 00 - LOCALLY ASSIGNED LC-TYPE CALL NUMBER (OCLC); LOCAL CALL NUMBER (RLIN)
Classification number (OCLC) (R) ; Classification number, CALL (RLIN) (NR) 580.09595
Local cutter number (OCLC) ; Book number/undivided call number, CALL (RLIN) HAN
090 20 - LOCALLY ASSIGNED LC-TYPE CALL NUMBER (OCLC); LOCAL CALL NUMBER (RLIN)
Classification number (OCLC) (R) ; Classification number, CALL (RLIN) (NR) 580.09595
Local cutter number (OCLC) ; Book number/undivided call number, CALL (RLIN) HAN
100 0# - MAIN ENTRY--PERSONAL NAME
Personal name Hanita Hassan,
Dates associated with a name 1971-
9 (RLIN) 5052
245 10 - TITLE STATEMENT
Title Taman Botanikal Melaka :
Remainder of title dunia hijau damai & ilmu /
Statement of responsibility, etc. Hanita Hassan
260 ## - PUBLICATION, DISTRIBUTION, ETC.
Place of publication, distribution, etc. Ayer Keroh, Melaka :
Name of publisher, distributor, etc. Perbadanan Hang Tuah Jaya,
Date of publication, distribution, etc. 2007
300 ## - PHYSICAL DESCRIPTION
Extent viii, 63ms. :
Other physical details il. wrn., gf. ;
Dimensions 24cm.
500 ## - GENERAL NOTE
General note Juga diterbitkan dlam bahasa Inggeris
650 10 - SUBJECT ADDED ENTRY--TOPICAL TERM
Topical term or geographic name entry element Botanical gardens
Geographic subdivision Melaka
9 (RLIN) 5053
651 #0 - SUBJECT ADDED ENTRY--GEOGRAPHIC NAME
Geographic name Taman Botanikal (Melaka)
9 (RLIN) 5054
942 ## - ADDED ENTRY ELEMENTS (KOHA)
Source of classification or shelving scheme
Koha item type Book
Holdings
Withdrawn status Lost status Source of classification or shelving scheme Damaged status Not for loan Collection code Home library Current library Date acquired Inventory number Total Checkouts Full call number Barcode Date last seen Price effective from Koha item type
          NON-FICTION AKMAL Melaka AKMAL Melaka 16.05.2017 504445   580.09595 HAN 201706765 16.05.2017 16.05.2017 Book
          NON-FICTION AKMAL Melaka AKMAL Melaka 16.05.2017 504444   580.09595 HAN 201706766 16.05.2017 16.05.2017 Book
          NON-FICTION AKMAL Melaka AKMAL Melaka 16.05.2017 504437   580.09595 HAN 201706767 16.05.2017 16.05.2017 Book
Pusat Sumber Maklumat Dato' Haji Sarmin Md Hussin, Akademi Kastam Diraja Malaysia, Melaka
Tel: 06-2331106 | Faks: 06-2313787